[Event "100 Jahre Schvgg Blankenese - Open 2023"]
[Site "Lise-Meitner-Gymnasium (HH)"]
[Date "2023.09.30"]
[Round "1.24"]
[White "Pavlov, Dmitriy"]
[Black "Oest, Thorsten"]
[Result "0-1"]
[WhiteElo "1458"]
[BlackElo "1984"]
[PlyCount "66"]
[EventDate "2023.09.30"]
[EventType "swiss"]
[EventRounds "7"]
[WhiteTeam "SV Eidelstedt"]
[BlackTeam "SAbt MTV Salzhausen"]

1. e4 c5 2. c3 Nf6 3. e5 Nd5 4. d4 cxd4 5. cxd4 e6 6. Bd2 Nc6 7. Nf3 d6 8. Bb5
Bd7 9. Nc3 Nxc3 10. Bxc3 dxe5 11. dxe5 Bc5 12. O-O O-O 13. Bd3 Nb4 14. Bxb4
Bxb4 15. a3 Be7 16. Be4 Bc6 17. Bxc6 bxc6 18. Qxd8 Rfxd8 19. Rfd1 Rd5 20. Rxd5
exd5 21. b4 a5 22. Nd4 axb4 23. Nxc6 Rxa3 24. Rb1 Bc5 25. h3 Ra6 26. Nxb4 Rb6
27. Rd1 Bxb4 28. Rxd5 Kf8 29. f4 Ke7 30. f5 Bc3 31. g4 h6 32. h4 Rb4 33. Kf1
Rxg4 0-1

[Event "100 Jahre Schvgg Blankenese - Open 2023"]
[Site "Lise-Meitner-Gymnasium (HH)"]
[Date "2023.09.30"]
[Round "1.25"]
[White "Spät, Alexander"]
[Black "Braren, Ove Neelis"]
[Result "1-0"]
[WhiteElo "1973"]
[BlackElo "1451"]
[PlyCount "87"]
[EventDate "2023.09.30"]
[EventType "swiss"]
[EventRounds "7"]
[WhiteTeam "SK Johanneum Eppendorf"]
[BlackTeam "Königsspr. SC.1984 e.V."]

1. e4 e5 2. d4 exd4 3. Qxd4 Nc6 4. Qe3 Be7 5. Nc3 Nf6 6. Bc4 O-O 7. Bd2 a6 8.
Nge2 b5 9. Bb3 Bb7 10. O-O Ne5 11. Ng3 c5 12. a4 c4 13. Ba2 Bc6 14. Nf5 Re8 15.
Qg3 Bf8 16. Rae1 d6 17. Bg5 Kh8 18. f4 Ng6 19. e5 Qb6+ 20. Kh1 dxe5 21. fxe5
Ng8 22. h4 Bd7 23. h5 h6 24. Be3 Qe6 25. hxg6 Qxg6 26. Qxg6 fxg6 27. Nd6 Bxd6
28. exd6 Nf6 29. Bd4 Ng8 30. Rxe8 Rxe8 31. Rf7 Nf6 32. Bxf6 gxf6 33. Rxd7 h5
34. Re7 Rd8 35. d7 Kg8 36. Re8+ Kf7 37. Rxd8 Ke7 38. Ra8 Kxd7 39. Rxa6 g5 40.
axb5 g4 41. Bxc4 g3 42. Be6+ Ke7 43. Nd5+ Ke8 44. Ra8# 1-0

[Event "100 Jahre Schvgg Blankenese - Open 2023"]
[Site "Lise-Meitner-Gymnasium (HH)"]
[Date "2023.09.30"]
[Round "1.26"]
[White "Frackowiak, Stanislaw"]
[Black "Goldmann, David"]
[Result "0-1"]
[WhiteElo "1441"]
[BlackElo "1970"]
[PlyCount "52"]
[EventDate "2023.09.30"]
[EventType "swiss"]
[EventRounds "7"]
[WhiteTeam "Hamburger SK von 1830 eV"]
[BlackTeam "Hamburger SK von 1830 eV"]

1. d4 Nf6 2. Nf3 d5 3. e3 Bg4 4. h3 Bxf3 5. Qxf3 c5 6. c3 e6 7. Bd3 Qb6 8. Nd2
Nbd7 9. O-O Bd6 10. Re1 O-O 11. b3 e5 12. dxe5 Bxe5 13. Bb2 a5 14. e4 c4 15.
Bc2 dxe4 16. Nxe4 Rfe8 17. Nxf6+ Nxf6 18. Qf5 Qc7 19. Re3 Bh2+ 20. Kh1 Rxe3 21.
fxe3 Re8 22. e4 Be5 23. Rd1 cxb3 24. Bxb3 a4 25. Bd5 Qc5 26. c4 Nxd5 0-1

[Event "100 Jahre Schvgg Blankenese - Open 2023"]
[Site "Lise-Meitner-Gymnasium (HH)"]
[Date "2023.09.30"]
[Round "1.27"]
[White "Bräutigam, Katerina"]
[Black "Baumann, Simon"]
[Result "1-0"]
[WhiteElo "1955"]
[BlackElo "1382"]
[PlyCount "37"]
[EventDate "2023.09.30"]
[EventType "swiss"]
[EventRounds "7"]
[WhiteTeam "SV VHS Rendsburg"]
[BlackTeam "HSK Lister Turm"]

1. e4 e6 2. d4 d5 3. e5 c5 4. c3 Qb6 5. Nf3 Nc6 6. a3 Bd7 7. b4 cxd4 8. cxd4 a6
9. Bb2 Nge7 10. Bd3 Ng6 11. O-O Be7 12. g3 O-O 13. h4 Na5 14. h5 Nh8 15. Qc2 g6
16. bxa5 Qxa5 17. Nc3 Rac8 18. Kg2 Rc7 19. Qd2 1-0

[Event "100 Jahre Schvgg Blankenese - Open 2023"]
[Site "Lise-Meitner-Gymnasium (HH)"]
[Date "2023.09.30"]
[Round "1.28"]
[White "Moskalenko, Michael"]
[Black "Wennmann, Thorsten"]
[Result "0-1"]
[WhiteElo "1353"]
[BlackElo "1948"]
[PlyCount "126"]
[EventDate "2023.09.30"]
[EventType "swiss"]
[EventRounds "7"]
[WhiteTeam "Elmshorner SC von 1896"]
[BlackTeam "SchVgg Blankenese von 1923 e.V."]

1. d4 f5 2. c4 Nf6 3. Nc3 e6 4. Nf3 b6 5. g3 Bb7 6. Bg2 Be7 7. O-O O-O 8. b3
Ne4 9. Qc2 Nxc3 10. Qxc3 Bf6 11. Bb2 a5 12. Qd2 d6 13. Rfd1 Qe7 14. Qf4 Nd7 15.
Rac1 Rae8 16. Ba3 g5 17. Qd2 Rd8 18. h4 g4 19. Ng5 Bxg2 20. Kxg2 h6 21. Nxe6
Qxe6 22. Qxh6 Qf7 23. Rh1 Bg7 24. Qf4 Qh5 25. Qd2 Nf6 26. Bb2 Ne4 27. Qc2 Rde8
28. e3 Qf7 29. d5 Bxb2 30. Qxb2 Qg7 31. Qc2 Qe5 32. Rhe1 Nc5 33. Kg1 Qe4 34.
Qxe4 fxe4 35. Rcd1 Nd3 36. Re2 Rf5 37. Kg2 a4 38. Rdd2 Ra8 39. bxa4 Rxa4 40.
Rc2 Ra3 41. Kg1 Rf8 42. Red2 Rfa8 43. Re2 R8a4 44. Kg2 Nb4 45. Rc1 Nxa2 46.
Rcc2 Nb4 47. Rc1 Nd3 48. Rcc2 Rb4 49. Ra2 Rxa2 50. Rxa2 Rxc4 51. Ra8+ Kg7 52.
Rd8 Rc2 53. Rd7+ Kg6 54. Re7 Nxf2 55. Kf1 b5 56. Re8 b4 57. Rb8 Nd3 58. Rg8+
Kh7 59. Rxg4 b3 60. Rxe4 b2 61. Re7+ Kg8 62. Re8+ Kf7 63. Rb8 Ne5 0-1

[Event "100 Jahre Schvgg Blankenese - Open 2023"]
[Site "Lise-Meitner-Gymnasium (HH)"]
[Date "2023.09.30"]
[Round "1.29"]
[White "Atri, Jamshid"]
[Black "Wolff, Ole"]
[Result "1-0"]
[WhiteElo "1948"]
[BlackElo "1345"]
[PlyCount "53"]
[EventDate "2023.09.30"]
[EventType "swiss"]
[EventRounds "7"]
[WhiteTeam "Hamburger SK von 1830 eV"]
[BlackTeam "SchVgg Blankenese von 1923 e.V."]

1. e4 e6 2. d4 d5 3. Nc3 Nf6 4. Bg5 dxe4 5. Nxe4 Nbd7 6. Nf3 Be7 7. Nxf6+ Bxf6
8. h4 h6 9. Be3 O-O 10. Qd2 Re8 11. O-O-O Qe7 12. g4 Qd6 13. g5 hxg5 14. hxg5
Bd8 15. Be2 Kf8 16. Rh7 g6 17. Rdh1 Ke7 18. Rg7 Rf8 19. Rh6 Ke8 20. c4 c5 21.
dxc5 Qxd2+ 22. Nxd2 Be7 23. Ne4 a6 24. Kc2 Nb8 25. a3 Bd7 26. Bf4 f5 27. Nd6+
1-0

[Event "100 Jahre Schvgg Blankenese - Open 2023"]
[Site "Lise-Meitner-Gymnasium (HH)"]
[Date "2023.09.30"]
[Round "1.30"]
[White "Emlinger, Maximilian"]
[Black "Steinbrenner, Jürg"]
[Result "0-1"]
[WhiteElo "1342"]
[BlackElo "1948"]
[PlyCount "78"]
[EventDate "2023.09.30"]
[EventType "swiss"]
[EventRounds "7"]
[WhiteTeam "Schachklub Altona von 1873 e.V."]
[BlackTeam "FC ST.Pauli 1910 eV SAbt"]

1. d4 d5 2. c4 e5 3. dxe5 d4 4. Nf3 Nc6 5. Nbd2 Nge7 6. Nb3 Nf5 7. Bg5 Be7 8.
Bxe7 Qxe7 9. Nfxd4 Nfxd4 10. Nxd4 Qb4+ 11. Qd2 Qxd2+ 12. Kxd2 Nxd4 13. g3 Be6
14. Rc1 O-O-O 15. Kc3 Rhe8 16. e3 Nf3 17. Bg2 Nxe5 18. b3 Rd3+ 19. Kc2 Red8 20.
Rhd1 Rxd1 21. Rxd1 Rxd1 22. Kxd1 Bg4+ 23. Kc2 Bf3 24. Bxf3 Nxf3 25. h4 Kd7 26.
Kd3 Ne5+ 27. Ke4 Nc6 28. f4 Nb4 29. a4 a5 30. g4 Na6 31. Kd4 b6 32. g5 Nc5 33.
Kc3 g6 34. b4 axb4+ 35. Kxb4 Kc6 36. Ka3 Nd3 37. Kb3 Kc5 38. Kc3 Nf2 39. Kb3
Ne4 0-1

[Event "100 Jahre Schvgg Blankenese - Open 2023"]
[Site "Lise-Meitner-Gymnasium (HH)"]
[Date "2023.09.30"]
[Round "1.31"]
[White "Piepenhagen, Eric"]
[Black "Reinecke, Gerd"]
[Result "1-0"]
[WhiteElo "1913"]
[BlackElo "1323"]
[PlyCount "43"]
[EventDate "2023.09.30"]
[EventType "swiss"]
[EventRounds "7"]
[WhiteTeam "Niendorfer TSV 1919 SAbt"]
[BlackTeam "SchVgg Blankenese von 1923 e.V."]

1. e4 d5 2. exd5 Qxd5 3. d4 Nc6 4. Be3 Nf6 5. c4 Qd8 6. Nc3 Bf5 7. Nf3 e6 8. a3
Be7 9. Be2 O-O 10. O-O a6 11. Re1 Ne4 12. h3 Re8 13. Bd3 Nxc3 14. bxc3 Bxd3 15.
Qxd3 Bf6 16. Nd2 e5 17. Ne4 Be7 18. Ng3 Bh4 19. Nf5 Bg5 20. Rad1 Qf6 21. Ng3
Rad8 22. Ne4 1-0

[Event "100 Jahre Schvgg Blankenese - Open 2023"]
[Site "Lise-Meitner-Gymnasium (HH)"]
[Date "2023.09.30"]
[Round "1.32"]
[White "Karlinder, Lovis Neo"]
[Black "Eichstädt, Enrico"]
[Result "0-1"]
[WhiteElo "1298"]
[BlackElo "1908"]
[PlyCount "108"]
[EventDate "2023.09.30"]
[EventType "swiss"]
[EventRounds "7"]
[WhiteTeam "Schleswiger SV von 1919"]
[BlackTeam "SK Norderstedt von 1975"]

1. e4 c5 2. d4 cxd4 3. c3 g6 4. cxd4 d5 5. Bd3 Bg7 6. Nf3 dxe4 7. Bxe4 Nf6 8.
Bd3 O-O 9. O-O Nc6 10. Bc4 Bg4 11. d5 Ne5 12. Be2 Nxf3+ 13. Bxf3 Bxf3 14. Qxf3
Qxd5 15. Qe2 e6 16. Nc3 Qh5 17. Qc4 Rac8 18. Qb4 b6 19. Qe7 Qa5 20. Bd2 Qa6 21.
Bg5 Rfe8 22. Qd6 Qa5 23. Bd2 Qc5 24. Qf4 Nd5 25. Nxd5 Qxd5 26. Qb4 Qd4 27. Rab1
Rc2 28. Qxd4 Bxd4 29. Bc3 Bxc3 30. bxc3 Rxa2 31. Rfd1 Rc2 32. Rbc1 Rxc1 33.
Rxc1 Rc8 34. Kf1 Kf8 35. Ke2 Ke7 36. Kd2 Kd6 37. Rb1 Kc5 38. Rb4 b5 39. Kc2 a5
40. Rh4 h5 41. Kb3 Rd8 42. Kc2 a4 43. Rb4 a3 44. Rb1 a2 45. Ra1 Ra8 46. Kb3 g5
47. Rxa2 Rxa2 48. Kxa2 Kc4 49. Kb2 f5 50. Kc2 e5 51. Kd2 e4 52. g3 f4 53. gxf4
gxf4 54. h4 Kb3 0-1

[Event "100 Jahre Schvgg Blankenese - Open 2023"]
[Site "Lise-Meitner-Gymnasium (HH)"]
[Date "2023.09.30"]
[Round "1.33"]
[White "Pienski, Olaf"]
[Black "von Flottwell, Lionel"]
[Result "1-0"]
[WhiteElo "1906"]
[BlackElo "1265"]
[PlyCount "67"]
[EventDate "2023.09.30"]
[EventType "swiss"]
[EventRounds "7"]
[WhiteTeam "SF Leherheide von 1950"]
[BlackTeam "SK Wilhelmsburg 1936 eV"]

1. e4 e5 2. Nf3 Nc6 3. Bc4 Nf6 4. d3 Bc5 5. c3 d6 6. a4 a5 7. O-O O-O 8. Bg5 h6
9. Bh4 Bg4 10. h3 Bh5 11. g4 Bg6 12. Nbd2 h5 13. Nh2 Qe7 14. gxh5 Bxh5 15. Bxf6
Qxf6 16. Qxh5 Qf4 17. Ndf3 Qg3+ 18. Kh1 Bxf2 19. Rxf2 g6 20. Qh4 Qxh4 21. Nxh4
Kg7 22. Raf1 Nd8 23. N2f3 Rh8 24. Kh2 c6 25. Rg1 Rb8 26. Nf5+ Kf8 27. Nxd6 Ke7
28. Nxf7 Nxf7 29. Bxf7 Kxf7 30. Nxe5+ Ke6 31. Rxg6+ Ke7 32. Rf7+ Ke8 33. Rgg7
Rh5 34. Rg8# 1-0

[Event "100 Jahre Schvgg Blankenese - Open 2023"]
[Site "Lise-Meitner-Gymnasium (HH)"]
[Date "2023.09.30"]
[Round "1.34"]
[White "Altun, Mohamed"]
[Black "Thomas, Jeremy"]
[Result "0-1"]
[WhiteElo "1244"]
[BlackElo "1903"]
[PlyCount "62"]
[EventDate "2023.09.30"]
[EventType "swiss"]
[EventRounds "7"]
[WhiteTeam "Findorffer Sfr"]
[BlackTeam "Blau-Weiss Buchholz"]

1. e4 c5 2. c3 Nf6 3. e5 Nd5 4. d4 e6 5. Nf3 cxd4 6. cxd4 Bb4+ 7. Bd2 Nc6 8.
Bxb4 Ncxb4 9. Nc3 Qa5 10. Qd2 Nxc3 11. bxc3 Nd5 12. Rc1 b6 13. Be2 Bb7 14. O-O
Rc8 15. c4 Qxd2 16. Nxd2 Nf4 17. Bd1 Bxg2 18. Rc3 Bxf1 19. Kxf1 Ke7 20. Ne4 Rc7
21. Nd6 a6 22. Rf3 g5 23. Be2 f5 24. a4 Rc6 25. Rb3 Rb8 26. Bf3 Rxd6 27. exd6+
Kxd6 28. c5+ Kc7 29. Rc3 bxc5 30. Rxc5+ Kd8 31. Ke1 Nd3+ 0-1

[Event "100 Jahre Schvgg Blankenese - Open 2023"]
[Site "Lise-Meitner-Gymnasium (HH)"]
[Date "2023.09.30"]
[Round "1.35"]
[White "Reuter, Maximilian"]
[Black "Lorenz, Felix"]
[Result "1-0"]
[WhiteElo "1901"]
[BlackElo "1225"]
[PlyCount "73"]
[EventDate "2023.09.30"]
[EventType "swiss"]
[EventRounds "7"]
[WhiteTeam "SchVgg Blankenese von 1923 e.V."]
[BlackTeam "SF Wedel"]

1. d4 d5 2. Bf4 c5 3. e3 Nc6 4. Nf3 Nf6 5. Nbd2 cxd4 6. exd4 Bg4 7. c3 e6 8.
Qb3 Qb6 9. Bd3 Qxb3 10. axb3 Rd8 11. b4 a6 12. b5 axb5 13. Bxb5 Nh5 14. Bc7 Rc8
15. Ne5 Rxc7 16. Ra8+ Ke7 17. Nxg4 g6 18. O-O Bg7 19. Rxh8 Bxh8 20. Ra1 Nxd4
21. cxd4 Bxd4 22. Ne3 Bxb2 23. Ra8 d4 24. Re8+ Kf6 25. Nec4 Ng7 26. Ne4+ Kf5
27. Ned6+ Kf6 28. Rg8 d3 29. g4 Ke7 30. Nc8+ Kf6 31. Nxb2 d2 32. Be2 Rc2 33.
Nd1 g5 34. Nd6 h5 35. Ne4+ Kg6 36. Nxg5 Rc5 37. gxh5+ 1-0

[Event "100 Jahre Schvgg Blankenese - Open 2023"]
[Site "Lise-Meitner-Gymnasium (HH)"]
[Date "2023.09.30"]
[Round "1.36"]
[White "Remizov, Kyryl"]
[Black "Harms, Friedjof"]
[Result "0-1"]
[WhiteElo "1223"]
[BlackElo "1889"]
[PlyCount "69"]
[EventDate "2023.09.30"]
[EventType "swiss"]
[EventRounds "7"]
[WhiteTeam "Stader SV"]
[BlackTeam "SV Bad Bevensen"]

1. d4 Nf6 2. Nf3 g6 3. Bf4 Bg7 4. e3 c5 5. Bc4 O-O 6. Nc3 d5 7. Bd3 cxd4 8.
Nxd4 Nc6 9. Nxc6 bxc6 10. O-O Nh5 11. Qf3 e5 12. g4 Nxf4 13. exf4 e4 14. Nxe4
dxe4 15. Bxe4 Bb7 16. Rad1 Qc7 17. c3 Rfd8 18. f5 Rxd1 19. Rxd1 Rd8 20. h4 Qe7
21. Rxd8+ Qxd8 22. g5 Qd2 23. f6 Bf8 24. Bxc6 Bxc6 25. Qxc6 Qxb2 26. Qc4 h6 27.
a4 Qc2 28. Qd4 hxg5 29. hxg5 Qf5 30. Qe3 Qa5 31. Kg2 Qxa4 32. f4 a5 33. Qd3
Qxf4 34. Qb5 Qd2+ 35. Kg3 0-1

[Event "100 Jahre Schvgg Blankenese - Open 2023"]
[Site "Lise-Meitner-Gymnasium (HH)"]
[Date "2023.09.30"]
[Round "1.37"]
[White "Lau, Felix"]
[Black "Khattar, Ranvir Singh"]
[Result "1-0"]
[WhiteElo "1862"]
[BlackElo "1210"]
[PlyCount "55"]
[EventDate "2023.09.30"]
[EventType "swiss"]
[EventRounds "7"]
[WhiteTeam "SchVgg Blankenese von 1923 e.V."]
[BlackTeam "SK Wilhelmsburg 1936 eV"]

1. e4 e5 2. Nc3 Nf6 3. f4 exf4 4. e5 Ng8 5. Nf3 Bc5 6. d4 Bb4 7. Bxf4 Bxc3+ 8.
bxc3 d6 9. exd6 cxd6 10. Bb5+ Bd7 11. Qe2+ Qe7 12. O-O Qxe2 13. Bxe2 Nf6 14.
Bxd6 Ne4 15. Bb4 Nc6 16. Bd3 Nxb4 17. Bxe4 Nc6 18. d5 Ne7 19. Rae1 O-O 20.
Bxh7+ Kxh7 21. Rxe7 Ba4 22. Ng5+ Kg8 23. Rfxf7 Rxf7 24. Rxf7 Bxc2 25. Rxb7 Bd3
26. d6 Rf8 27. h3 Ba6 28. Rxa7 1-0

[Event "100 Jahre Schvgg Blankenese - Open 2023"]
[Site "Lise-Meitner-Gymnasium (HH)"]
[Date "2023.09.30"]
[Round "1.38"]
[White "Zweig, Gregor"]
[Black "Topalov, Mihail"]
[Result "0-1"]
[WhiteElo "1152"]
[BlackElo "1853"]
[PlyCount "68"]
[EventDate "2023.09.30"]
[EventType "swiss"]
[EventRounds "7"]
[WhiteTeam "SK Union Eimsbuettel eV"]
[BlackTeam "SK Johanneum Eppendorf"]

1. d4 Nf6 2. Bf4 g6 3. Nc3 d5 4. Nf3 Bg7 5. Qd2 O-O 6. Bh6 Re8 7. Bxg7 Kxg7 8.
O-O-O Nbd7 9. h4 h5 10. e3 c6 11. Bd3 e5 12. dxe5 Nxe5 13. Nxe5 Rxe5 14. f3 b5
15. Rhe1 Qe7 16. Nb1 b4 17. c3 a5 18. Bc2 Rb8 19. Qd3 Qa7 20. Qd4 Qe7 21. f4
Re6 22. g4 c5 23. Qd2 Nxg4 24. f5 Rxe3 25. f6+ Kxf6 26. Rf1+ Kg7 27. Qxd5 Be6
28. Qc6 Ne5 29. Qg2 Bg4 30. Qf2 Rf3 31. Qh2 Rxf1 32. Rxf1 Rd8 33. Qg3 Re8 34.
Re1 Nd3+ 0-1

[Event "100 Jahre Schvgg Blankenese - Open 2023"]
[Site "Lise-Meitner-Gymnasium (HH)"]
[Date "2023.09.30"]
[Round "1.39"]
[White "Emami, Madjid"]
[Black "Arps, Mats"]
[Result "1-0"]
[WhiteElo "1852"]
[BlackElo "1128"]
[PlyCount "105"]
[EventDate "2023.09.30"]
[EventType "swiss"]
[EventRounds "7"]
[WhiteTeam "Hamburger SK von 1830 eV"]
[BlackTeam "SK Wilhelmsburg 1936 eV"]

1. g3 d5 2. Bg2 e5 3. d3 Nc6 4. c3 Nf6 5. Nf3 e4 6. dxe4 dxe4 7. Qxd8+ Nxd8 8.
Ng5 Bf5 9. Nd2 e3 10. fxe3 Bc5 11. Nb3 Bb6 12. a4 a5 13. O-O Bg4 14. Rf2 Nd5
15. Bxd5 O-O 16. Bf3 Bxf3 17. Nxf3 Ne6 18. Bd2 Rad8 19. Kg2 h6 20. Raf1 Ba7 21.
h4 f6 22. Nfd4 Rd6 23. Bc1 c5 24. Nb5 Rb6 25. Nxa5 Ra6 26. b4 Bb6 27. Nc4 cxb4
28. Nxb6 Rxb6 29. cxb4 Ra8 30. Rf5 Kf7 31. Rd1 Ke7 32. a5 Rc6 33. Rfd5 Rd8 34.
Rxd8 Nxd8 35. Nd4 Rc7 36. b5 Ne6 37. Ba3+ Kf7 38. Rc1 Rd7 39. b6 Nxd4 40. exd4
Rxd4 41. Rc7+ Kg6 42. Rxb7 Ra4 43. Bf8 Rxa5 44. Rxg7+ Kf5 45. b7 Rb5 46. Bd6
Ke6 47. b8=Q Rxb8 48. Bxb8 Kf5 49. Kf3 h5 50. Re7 Kg6 51. Kf4 Kh6 52. Re6 Kg6
53. Be5 1-0

[Event "100 Jahre Schvgg Blankenese - Open 2023"]
[Site "Lise-Meitner-Gymnasium (HH)"]
[Date "2023.09.30"]
[Round "1.40"]
[White "Wang, Kaichen"]
[Black "Genov, Valentin"]
[Result "0-1"]
[WhiteElo "1072"]
[BlackElo "1830"]
[PlyCount "44"]
[EventDate "2023.09.30"]
[EventType "swiss"]
[EventRounds "7"]
[WhiteTeam "SchVgg Blankenese von 1923 e.V."]
[BlackTeam "SK Kirchweyhe 1947"]

1. f4 c5 2. c4 Nf6 3. g3 Nc6 4. Bg2 d6 5. Nc3 g6 6. a3 Bg7 7. d3 O-O 8. Bd2 Rb8
9. Qc2 Nd4 10. Qd1 b5 11. e3 Bg4 12. Qc1 Nb3 13. Qb1 Nxa1 14. Qxa1 bxc4 15.
dxc4 Qb6 16. h3 Be6 17. Na4 Qb3 18. Nc3 Bxc4 19. Nge2 Qxb2 20. Qxb2 Rxb2 21.
Bc1 Rb3 22. O-O Nh5 0-1

[Event "100 Jahre Schvgg Blankenese - Open 2023"]
[Site "Lise-Meitner-Gymnasium (HH)"]
[Date "2023.09.30"]
[Round "1.41"]
[White "Lehmkuhl, Stefan"]
[Black "von Flottwell, Nils"]
[Result "1-0"]
[WhiteElo "1811"]
[BlackElo "1014"]
[PlyCount "71"]
[EventDate "2023.09.30"]
[EventType "swiss"]
[EventRounds "7"]
[WhiteTeam "SF Buxtehude"]
[BlackTeam "SK Wilhelmsburg 1936 eV"]

1. d4 d5 2. c4 e6 3. Nc3 Nf6 4. Bg5 Be7 5. cxd5 exd5 6. Qc2 h6 7. Bxf6 Bxf6 8.
e3 c6 9. Bd3 O-O 10. Nge2 Nd7 11. O-O Re8 12. Rab1 Nf8 13. b4 a6 14. a4 b5 15.
Nc1 bxa4 16. Nxa4 Bd7 17. Nb3 Ne6 18. Rfc1 Be7 19. Nbc5 Nxc5 20. bxc5 Qc7 21.
Nb6 Ra7 22. Ra1 a5 23. Qc3 Rb8 24. Rxa5 Rxb6 25. Rxa7 Qxa7 26. cxb6 Qxb6 27.
Rb1 Qc7 28. Qb2 Bd6 29. h3 g6 30. Qb7 Qd8 31. Ra1 Kg7 32. Ra8 Qe7 33. Ra7 Bf5
34. Qxe7 Bxe7 35. Bxf5 gxf5 36. Rxe7 1-0

[Event "100 Jahre Schvgg Blankenese - Open 2023"]
[Site "Lise-Meitner-Gymnasium (HH)"]
[Date "2023.09.30"]
[Round "1.42"]
[White "Englert, Barbara"]
[Black "Paulsen, Tino"]
[Result "0-1"]
[WhiteElo "1002"]
[BlackElo "1786"]
[PlyCount "58"]
[EventDate "2023.09.30"]
[EventType "swiss"]
[EventRounds "7"]
[WhiteTeam "Niendorfer TSV 1919 SAbt"]
[BlackTeam "SF Hamburg e.V. 1934"]

1. e4 Nf6 2. Nc3 d5 3. exd5 Nxd5 4. d4 g6 5. Bc4 Nb6 6. Bb3 Bg7 7. Nf3 O-O 8.
O-O Bg4 9. Bf4 Nc6 10. d5 Nd4 11. Qd3 Bxf3 12. gxf3 Qd7 13. Rfe1 c5 14. dxc6
bxc6 15. Be5 Bxe5 16. Rxe5 Rad8 17. Rd1 Qh3 18. Re3 Nxf3+ 19. Rxf3 Rxd3 20.
Rxh3 Rxh3 21. Kg2 Rh5 22. Re1 e6 23. h3 Rd8 24. Ne4 Kg7 25. c4 Rd4 26. c5 Na4
27. Nd6 Nxc5 28. Ne8+ Kf8 29. Nf6 Rf5 0-1

[Event "100 Jahre Schvgg Blankenese - Open 2023"]
[Site "Lise-Meitner-Gymnasium (HH)"]
[Date "2023.09.30"]
[Round "1.43"]
[White "Winkelmann, Martin"]
[Black "Krüger, Dietrich"]
[Result "1-0"]
[WhiteElo "1769"]
[BlackElo "977"]
[PlyCount "63"]
[EventDate "2023.09.30"]
[EventType "swiss"]
[EventRounds "7"]
[WhiteTeam "SF Buxtehude"]
[BlackTeam "Barmbeker SK 1926 eV"]

1. e4 e5 2. Nf3 Nc6 3. Bc4 h6 4. O-O Be7 5. d4 d6 6. c3 Bg4 7. Qb3 Bxf3 8.
Bxf7+ Kf8 9. Bg6 d5 10. gxf3 Qd6 11. Bf5 g6 12. Bh3 Rb8 13. exd5 Nd8 14. Be3
Nf6 15. c4 b6 16. Nd2 Nb7 17. Ne4 Qd8 18. dxe5 Nxe4 19. fxe4 Bc5 20. f4 Rg8 21.
Kh1 Qe7 22. Be6 Rg7 23. f5 Qd8 24. Bxh6 Qh4 25. fxg6+ Ke7 26. Bxg7 Qxe4+ 27.
Qf3 Qxg6 28. Qf7+ Qxf7 29. Rxf7+ Kd8 30. Raf1 Be7 31. Rf8+ Bxf8 32. Rxf8+ 1-0

[Event "100 Jahre Schvgg Blankenese - Open 2023"]
[Site "Lise-Meitner-Gymnasium (HH)"]
[Date "2023.09.30"]
[Round "1.44"]
[White "Bauta, Luan"]
[Black "Neller, Christian"]
[Result "0-1"]
[WhiteElo "857"]
[BlackElo "1757"]
[PlyCount "82"]
[EventDate "2023.09.30"]
[EventType "swiss"]
[EventRounds "7"]
[WhiteTeam "Königsspr. SC.1984 e.V."]
[BlackTeam "SF Wedel"]

1. e4 c5 2. Nf3 Nc6 3. Bc4 e6 4. Nc3 a6 5. a4 Nf6 6. d4 d5 7. e5 dxc4 8. exf6
cxd4 9. Ne4 gxf6 10. c3 dxc3 11. Qxd8+ Kxd8 12. Nxf6 Bg7 13. Bg5 h6 14. Bh4
cxb2 15. Rb1 c3 16. O-O Kc7 17. Ne4 c2 18. Bg3+ Kb6 19. Bf4 cxb1=Q 20. Rxb1 Bd7
21. Bc1 Rad8 22. Bxb2 Bxb2 23. Rxb2+ Ka7 24. h3 Na5 25. Nd6 Rh7 26. Rd2 Bc6 27.
Nb5+ axb5 28. Rxd8 bxa4 29. Rd3 Bxf3 30. Rxf3 f5 31. Ra3 b5 32. f3 Nc4 33. Ra2
a3 34. Kf2 b4 35. Ke2 Rd7 36. g4 b3 37. Ra1 b2 38. Re1 a2 39. gxf5 b1=Q 40.
Rxb1 axb1=Q 41. fxe6 Rd2# 0-1

[Event "100 Jahre Schvgg Blankenese - Open 2023"]
[Site "Lise-Meitner-Gymnasium (HH)"]
[Date "2023.09.30"]
[Round "1.45"]
[White "Loayza, Ignacio"]
[Black "Sermann, Thomas"]
[Result "1-0"]
[WhiteElo "1732"]
[BlackElo "1200"]
[PlyCount "63"]
[EventDate "2023.09.30"]
[EventType "swiss"]
[EventRounds "7"]
[WhiteTeam "USG Chemnitz"]
[BlackTeam "FC ST.Pauli 1910 eV SAbt"]

1. d4 g6 2. c4 Bg7 3. Nc3 d6 4. h3 Nc6 5. Nf3 e5 6. d5 Nce7 7. e4 f5 8. exf5
Bxf5 9. Bd3 Nf6 10. Bxf5 Nxf5 11. g4 Ne7 12. Ng5 Qd7 13. Ne6 Kf7 14. Qf3 Kg8
15. Bg5 Ne8 16. Ne4 h6 17. Nxg7 Kxg7 18. Bf6+ Nxf6 19. Qxf6+ Kg8 20. Qxe5 Kf7
21. Qf6+ Kg8 22. O-O Rf8 23. Qd4 Kf7 24. Rae1 h5 25. Qf6+ Kg8 26. Qg5 Kg7 27.
Nc5 dxc5 28. Rxe7+ Qxe7 29. Qxe7+ Rf7 30. Qxc5 hxg4 31. Re1 gxh3 32. Re7 1-0

[Event "100 Jahre Schvgg Blankenese - Open 2023"]
[Site "Lise-Meitner-Gymnasium (HH)"]
[Date "2023.09.30"]
[Round "1.46"]
[White "Zakharchuk, Luka"]
[Black "Schulze, Tim"]
[Result "0-1"]
[WhiteElo "1200"]
[BlackElo "1718"]
[PlyCount "74"]
[EventDate "2023.09.30"]
[EventType "swiss"]
[EventRounds "7"]
[BlackTeam "SC Turm Lüneburg e.V."]

1. e4 c6 2. Nc3 d5 3. exd5 cxd5 4. d4 Nc6 5. h3 Bf5 6. Nf3 e6 7. Be2 Nf6 8. O-O
h6 9. Bf4 Be7 10. Ne5 Rc8 11. Nxc6 bxc6 12. Ba6 O-O 13. Bxc8 Qxc8 14. Ne2 Qb7
15. b3 c5 16. c3 Ne4 17. f3 Nf6 18. Ng3 Bh7 19. Be3 Qc7 20. Bf2 Bd6 21. Ne2 c4
22. Qe1 Bd3 23. Qd1 Nh5 24. Qe1 Re8 25. bxc4 Qxc4 26. g4 Bxe2 27. gxh5 Bxf1 28.
Qxf1 Qxc3 29. Rc1 Qxf3 30. Qg2 Qxh5 31. Rf1 Qg5 32. Qxg5 hxg5 33. Rb1 Rb8 34.
Rc1 Rb2 35. h4 Rxa2 36. hxg5 Bf4 37. Rc8+ Kh7 0-1

[Event "100 Jahre Schvgg Blankenese - Open 2023"]
[Site "Lise-Meitner-Gymnasium (HH)"]
[Date "2023.09.30"]
[Round "2.1"]
[White "Oest, Thorsten"]
[Black "Feuerstack, Aljoscha"]
[Result "0-1"]
[WhiteElo "1962"]
[BlackElo "2471"]
[PlyCount "48"]
[EventDate "2023.09.30"]
[EventType "swiss"]
[EventRounds "7"]
[WhiteTeam "SAbt MTV Salzhausen"]
[BlackTeam "FC ST.Pauli 1910 eV SAbt"]

1. e4 c5 2. Nf3 e6 3. d3 Nc6 4. g3 d5 5. Nbd2 Nf6 6. Bg2 Be7 7. O-O O-O 8. Nh4
Ne8 9. Nhf3 Nf6 10. Ne1 b5 11. f4 a5 12. g4 dxe4 13. dxe4 e5 14. f5 h6 15. h3
b4 16. Nef3 Ba6 17. Re1 c4 18. c3 Qb6+ 19. Kh2 Rfd8 20. Qe2 Rd3 21. Nf1 bxc3
22. bxc3 Rxc3 23. Qb2 Qxb2 24. Bxb2 Rc2 0-1